El sol y las cosas /
Guardado en:
| Autor Principal: | |
|---|---|
| Formato: | Libro |
| Publicado: |
Ciudad Trujillo :
Arquero, 0
|
| Materias: | |
| Etiquetas: |
Agregar Etiqueta
Sin Etiquetas, Sea el primero en etiquetar este registro!
|
| LEADER | 00438nam a22001455a 4500 | ||
|---|---|---|---|
| 001 | EHU.bham019367 | ||
| 003 | AR-BHAM | ||
| 005 | 20101117165243.0 | ||
| 008 | 130507b######################000#0#####d | ||
| 082 | D | 8 | |a 861 |
| 100 | 1 | |a Veloz Maggiolo, Marcio | |
| 245 | 1 | 0 | |a El sol y las cosas / |c Marcio Veloz Maggiolo |
| 260 | |a Ciudad Trujillo : |b Arquero, 0 | ||
| 653 | |a Poesia dominicana | ||
| 859 | |a AR-BHAM |b BIB. HUMANIDADES - General |h D861 |i V546 |k D |p 171.62 |t Ej.1 | ||
